00795 2200289 4500001002100000005001500021020002200036035002400058040001200082082002100094084002100115090002100136100002300157245008900180250001100269260002900280300004400309504002700353650002000380700002000400700001400420700001100434850001200445990001600457990001600473990001600489YOGYA00000000010078920140823130120 a978-979-3065-71-7 0010-121300000000148 aYOPDYOG 2[22]a398.209598 a398.209598 Don K a398.209598 Don K aDONI JUDIAN, 1973- aKumpulan fabel nusantarac/ Doni Judian, E.A. Pamungkas, Ibnu Aziz ; editor, Endhiq. aCet.1. aYogyakartabNavilac2010 avi, 267 hlm.b: ilus.c; 25 cm (3 eks.) aBibliografi : hlm. 267 aFabel Indonesia aPamungkas, E.A. aIbnu Aziz aEndhiq aYOPDYOG a5094/B.2013 a5095/B.2013 a5096/B.2013